| 000 | 00450nam a2200157 i 4500 | ||
|---|---|---|---|
| 001 | 61115 | ||
| 003 | ES-MaACL | ||
| 005 | 20230906164355.0 | ||
| 007 | t| | ||
| 008 | 031110s1962 sp ||||1| spa d | ||
| 100 | 1 |
_aEtayo, Carlos. _948266 |
|
| 245 | 1 | 3 |
_aLa Santa María, la Niña y la Pinta / _cCarlos Etayo. |
| 260 |
_a[Pamplona : _bs.n., _c1962] ( _fIruña) |
||
| 300 |
_a129 p., 4 lám. : _bil. ; _c22 cm. |
||
| 852 |
_aES-MaACL _jC-21900 _bR.50467 |
||
| 999 |
_c61115 _d61115 |
||